| 000 | 00398nam a2200181Ia 4500 | ||
|---|---|---|---|
| 005 | 20250603145659.0 | ||
| 008 | 250603s9999 xx 000 0 und d | ||
| 020 | _a9783031317392 | ||
| 050 | _aBF 176 .H36/ | ||
| 100 | _aHand Daniel | ||
| 245 | 0 | _ac | |
| 260 | _aSwitzerland | ||
| 260 | _bPalgrave Macmillan | ||
| 260 | _c2023 | ||
| 300 | _a252 p | ||
| 650 | _aSwitzerland | ||
| 942 | _cBK | ||
| 999 |
_c42541 _d42541 |
||